| Tag |
First Indicator |
Second Indicator |
Subfields |
| LEADER |
00000cam a2200000 4500 |
| 001 |
in00000061066 |
| 005 |
20151008051056.0 |
| 008 |
760930s1953 miu b 00100 eng |
| 010 |
|
|
|a 53002048
|
| 035 |
|
|
|a (OCoLC)02475525
|
| 035 |
|
|
|9 AAG5538AM
|
| 040 |
|
|
|a DLC
|c EES
|d TXA
|d UtOrBLW
|
| 049 |
|
|
|a TXAM
|c [310543]
|
| 050 |
0 |
0 |
|a BH301.T7
|b W4 1953
|
| 082 |
0 |
|
|a 701.17
|
| 092 |
|
|
|a 111.85
|b W427t
|
| 100 |
1 |
|
|a Weisinger, Herbert.
|
| 245 |
1 |
0 |
|a Tragedy and the paradox of the fortunate fall.
|
| 264 |
|
1 |
|a [East Lansing] :
|b Michigan State College Press,
|c [1953]
|
| 300 |
|
|
|a 300 pages ;
|c 23 cm.
|
| 336 |
|
|
|a text
|b txt
|2 rdacontent
|
| 337 |
|
|
|a unmediated
|b n
|2 rdamedia
|
| 338 |
|
|
|a volume
|b nc
|2 rdacarrier
|
| 504 |
|
|
|a Bibliography: pages 275-287.
|
| 650 |
|
0 |
|a Tragic, The.
|
| 650 |
|
0 |
|a Paradox.
|
| 999 |
|
|
|a MARS
|
| 999 |
f |
f |
|s 72c9201b-3b28-3b6f-9299-fa0478d49b5e
|i 833dcce5-ab9d-321e-854d-58fd83f0f8b5
|t 0
|
| 952 |
f |
f |
|p ric
|a Texas A&M University
|b Rellis Campus
|c Joint Library Facility
|d Remote Storage
|t 0
|e BH301.T7 W4 1953
|h Library of Congress classification
|i unmediated -- volume
|m A14800506964
|
| 998 |
f |
f |
|a BH301.T7 W4 1953
|t 0
|l Remote Storage
|